Online Catalogue and eLibrary

Istreewadaya saha jathikawadaya (Record no. 2377)

MARC details
000 -LEADER
fixed length control field 00395nam a2200157Ia 4500
005 - DATE AND TIME OF LATEST TRANSACTION
control field 20250529025042.0
008 - FIXED-LENGTH DATA ELEMENTS--GENERAL INFORMATION
fixed length control field 240331s9999 xx 000 0 und d
082 ## - DDC Classification
Item Number - Author Mark JAY
Class No. 322
100 ## - MAIN ENTRY--PERSONAL NAME
Personal name Jayawardane, K
245 #0 - TITLE STATEMENT
Title Istreewadaya saha jathikawadaya
260 ## - PUBLICATION, DISTRIBUTION, ETC.
Place of publication, distribution, etc. Colombo
Name of publisher, distributor, etc. Social Scientists Association
Date of publication, distribution, etc. 1994
300 ## - PHYSICAL DESCRIPTION
Extent (e.g. Volumes, Pages etc.) 257 p.,
650 ## - SUBJECT ADDED ENTRY--TOPICAL TERM
Topical term or geographic name entry element Feminism
650 ## - SUBJECT ADDED ENTRY--TOPICAL TERM
Topical term or geographic name entry element nationalism
942 ## - Koha item type (Biblio)
Koha item type Books in Stacks (Lending)
Holdings
Lost status Damaged status Collection code Home library Current library Shelving location Date acquired Full call number Accession Number Item type
    Lending WERC Library WERC Library Social Science Cupboard 03/31/2024 322.4 JAY 4858 Books in Stacks (Lending)

© WERC Library